000 00317nam a22001337a 4500
020 _a978-93-5014-741-2
082 _a004
_bSAX/1
100 _aPREETI SAXENA
245 _aINFORMATION TECHNOLOGY
_bCLASS XI
260 _aDELHI
_bS.K.KATARIA & SONS
_c2022
300 _a562
650 _aIT FOR CLASS XI
_zINDIA
942 _cBK
999 _c566
_d566